000 00894nam0a22002531 4500
001 RU\NLR\INFOCOMM4\ROSSICA\1000405898
005 20250613190016.0
035 _a(NLR Aleph) 009901697
090 _a10573939
_c10573939
100 _a20030506d1895 |||y0rusy50 ca
101 0 _afre
102 _aRU
105 _ay ||||000ay
200 1 _aAperçu bibliographique des publications du comité central de statistique de l'Empire de Russie, ( ministère de l'intérieur ) parues jusqu' au 1 Août 1895
_fComité central de statistique de l'Empire de Russie, ministère de l'intérieur
210 _aSt.Pétersbourg
_d1895
215 _d
710 0 1 _aRussia
_bMinistère de l'intérieur
_bComité central de statistique
_4070
801 1 _aRU
_bInfoComm
_c20030506
801 0 _aRU
_bNLR
_gPSBO
852 _aNLR
_j12.53a.9.10
942 _cBOOK
980 _aNB
980 _aRossica